000 00664nam a2200217 a 4500
005 20250910063908.0
008 120614s2005 es r 000 0 spa d
020 _a8495895285
035 _aUPN01000185099
049 _aCG
050 4 _aPN3157
_bG3.3
100 1 _aGarcía Navarrete, Mayte
245 1 3 _aLa historia del puente levadizo /
_cMayte García Navarrete ; il. Borja Martínez Oltra.
260 _aValencia, Esp. :
_bBrief,
_c2005.
300 _a79 p. :
_bil. col.
650 4 _aTeatro en la educación
_95250
650 7 _aEstrategias educativas
_2
_91510
650 4 _aValores
_xEstudio y enseñanza
_9310
905 _aLibro
999 _c157202
_d157202